On the transformation of control-flow specifications into implementations of distributed systems: A case study

Podrobná bibliografia
Hlavní autori: Gondzio, Marek (Autor), Grzegorzewicz, Pawel (Autor)
Médium: Článok
Jazyk:angličtina
PhysicalDescription:Fotogr. 1, obr. 10, res. angl., lit. 10 zázn. v angl.
ISSN:0232-0274
Predmet:

MARC

LEADER 00000nab a2200000 a 4500
001 vtls000475236
003 SK-MaSNL
005 20260318122608.0
008 230217c1992 xo 0 eng
015 |a SNBRB19rr/mm-uuuuu 
035 |a CL0475370 
035 |a urn:nbn:sk:snk-ab1qjz 
035 |a (urnnbn)urn:nbn:sk:snk:ar-004zwh 
035 |a (uuid)2d1cdef9-6f68-46de-9325-4f5831b467c0 
040 |a SNKBUCL  |b slo  |c SNKBUCL  |e AACR2 
041 0 |a eng 
044 |a xo  |c SK 
080 |a 519.68:519.224  |2 1981 
080 |a 519.224  |2 1981 
100 1 |a Gondzio, Marek  |4 aut  |9 1542069 
245 1 0 |a On the transformation of control-flow specifications into implementations of distributed systems: A case study  |c Marek Gondzio, Pawel Grzegorzewicz 
300 |b Fotogr. 1, obr. 10, res. angl., lit. 10 zázn. v angl. 
650 0 7 |a počítačové programovanie  |2 snkbucl  |9 1224 
650 0 7 |a programovacie jazyky  |2 snkbucl  |9 1838 
650 0 7 |a systémy distribuované  |2 snkbucl  |9 964441 
655 7 |a články z novín a časopisov  |2 snkbucl  |9 267496 
700 1 |a Grzegorzewicz, Pawel  |4 aut  |9 976470 
773 0 |t Computers and artificial intelligence  |g Roč. 11, č. 3 (1992), s. 293-313  |x 0232-0274 
850 |a Slovenská národná knižnica v Martine  |a MTA001 
852 |a SNK  |b KIS3GCP 
958 |a NB 
958 |a RK 
958 |a PL 
958 |a OND 
958 |a EUIPO 
958 |a article27 
992 |a RBX 
999 |c 3127092  |d 3129022